| 000 | 00956nam a2200229Ia 4500 | ||
|---|---|---|---|
| 003 | IN-BaIIA | ||
| 008 | 211028s9999 xx 000 0 eng d | ||
| 020 | _a0-937707-39-2 | ||
| 040 | _cIIA Library | ||
| 080 |
_a082.2:52 _bASP-20 |
||
| 111 |
_aSymposium in Celebration of the Fiftieth Anniversary of McDonald Observatory _cAustin _d1989 _917685 |
||
| 245 | 0 |
_aFrontiers of stellar evolution _bproceedings of a symposium in celebration of the fiftieth anniversary of McDonald observatory of the University of Texas, Austin, 1989 _cedited by David L. Lambert |
|
| 260 |
_aSan Francisco _bAstronomical Society of the Pacific _c1991 |
||
| 300 | _aiv, 626p. | ||
| 490 | _aASP conference series; v. 20 | ||
| 650 | _aAstronomy and Astrophysics Thesaurus | ||
| 650 | _aStellar evolution | ||
| 650 | _aStellar structure | ||
| 700 |
_aLambert, David L., ed. _917686 |
||
| 710 |
_aMcDonald observatory _917687 |
||
| 942 | _cBK | ||
| 999 |
_c10403 _d10403 |
||